[Event "ENCI Limburg-open A"]
[Site "Maastricht"]
[Date "2010.05.24"]
[Round "6"]
[White "Wislez, Francis"]
[Black "Heltzel, Joost"]
[Result "0-1"]
[WhiteElo "2040"]
[BlackElo "2265"]
[PlyCount "98"]
[EventDate "2010.05.21"]
[EventType "swiss"]
[EventRounds "7"]
[EventCountry "NED"]
[Source "P.Boonen"]
[SourceDate "2010.10.01"]

1. c4 e5 2. Nc3 Nf6 3. g3 d5 4. cxd5 Nxd5 5. Bg2 Nb6 6. d3 Be7 7. Nf3 Nc6 8.
O-O O-O 9. a3 Be6 10. b4 f5 11. Be3 Bf6 12. Rc1 Kh8 13. Na4 Nxa4 14. Qxa4 a6
15. Qc2 Rf7 16. Qd2 h6 17. Rc5 g5 18. Rc2 Bd5 19. Ne1 f4 20. Bc5 b6 21. e4 Bb3
22. Bxb6 Bxc2 23. Qxc2 Nxb4 24. Qb3 Kg7 25. Bc5 Nc6 26. Qc4 Qd7 27. h3 Be7 28.
Bxe7 Rxe7 29. Nf3 Nd4 30. Kh2 Rd8 31. Rd1 Nxf3+ 32. Bxf3 Qd4 33. Qc2 fxg3+ 34.
fxg3 Rf8 35. Rf1 Qe3 36. Bg2 Rxf1 37. Bxf1 h5 38. Qb2 h4 39. gxh4 gxh4 40. Qg2+
Kh7 41. Qg4 Qf2+ 42. Bg2 Qf4+ 43. Qxf4 exf4 44. d4 Kg6 45. Kg1 Rd7 46. d5 Kf6
47. Kf2 Ke5 48. a4 a5 49. Bf3 Rg7 0-1

[Event "ENCI Limburg-open A"]
[Site "Maastricht"]
[Date "2010.05.24"]
[Round "7"]
[White "Admiraal, Miguoel"]
[Black "Sprangers, Remco"]
[Result "1-0"]
[WhiteElo "2202"]
[BlackElo "2287"]
[PlyCount "71"]
[EventDate "2010.05.21"]
[EventType "swiss"]
[EventRounds "7"]
[EventCountry "NED"]
[Source "P.Boonen"]
[SourceDate "2010.10.01"]

1. e4 c5 2. Nf3 d6 3. d4 cxd4 4. Nxd4 Nf6 5. Nc3 g6 6. Be3 Bg7 7. f3 O-O 8. Bc4
Nc6 9. Qd2 Bd7 10. O-O-O Rb8 11. Bb3 Na5 12. Kb1 b5 13. h4 Nc4 14. Bxc4 bxc4
15. Ka1 Qb6 16. Rb1 Qa6 17. Bh6 Rb6 18. Bxg7 Kxg7 19. a3 Rc8 20. h5 Rc5 21.
hxg6 fxg6 22. Nde2 Ra5 23. Nf4 e6 24. g4 h6 25. Nxg6 h5 26. gxh5 Kf7 27. Qh6
Rb8 28. Nh8+ Rxh8 29. Qg6+ Ke7 30. Qg7+ Kd8 31. Qxf6+ Kc7 32. Qxh8 e5 33. Qg8
Ba4 34. Nd5+ Kb7 35. Qf7+ Kb8 36. Rhg1 1-0

[Event "ENCI Limburg-open A"]
[Site "Maastricht"]
[Date "2010.05.24"]
[Round "7"]
[White "Beijerinck, Nick"]
[Black "Verstraeten, Reinaert"]
[Result "1/2-1/2"]
[WhiteElo "2079"]
[BlackElo "2007"]
[PlyCount "95"]
[EventDate "2010.05.21"]
[EventType "swiss"]
[EventRounds "7"]
[EventCountry "NED"]
[Source "P.Boonen"]
[SourceDate "2010.10.01"]

1. b3 c5 2. e3 Nf6 3. c4 g6 4. Bb2 Bg7 5. Nf3 O-O 6. Be2 Nc6 7. O-O b6 8. a3
Bb7 9. Qc2 Rc8 10. d3 e6 11. Nbd2 d5 12. cxd5 exd5 13. Rad1 Qe7 14. Rfe1 Rfd8
15. Bf1 Qd7 16. Qb1 Ne8 17. g3 f5 18. Bg2 Bf6 19. Bxf6 Nxf6 20. Qb2 Ne8 21. h4
Qg7 22. Qb1 Nc7 23. Kh2 Nb5 24. Qa1 Qxa1 25. Rxa1 d4 26. e4 fxe4 27. Nxe4 Nd6
28. Bh3 Rb8 29. Nf6+ Kg7 30. Re6 Ne8 31. Nxe8+ Rxe8 32. Rae1 Rxe6 33. Rxe6 Rf8
34. Bg2 Nd8 35. Re7+ Rf7 36. Rxf7+ Nxf7 37. b4 a5 38. bxc5 bxc5 39. Ng5 Nxg5
40. hxg5 Ba6 41. Be4 h6 42. gxh6+ Kxh6 43. f4 g5 44. Kg2 gxf4 45. gxf4 Kg7 46.
Kf3 Kf6 47. Ke2 Bb5 48. Ke1 1/2-1/2

[Event "ENCI Limburg-open A"]
[Site "Maastricht"]
[Date "2010.05.24"]
[Round "7"]
[White "Bijlsma, Nick"]
[Black "Van Eijk, Sander"]
[Result "1-0"]
[WhiteElo "2125"]
[BlackElo "2353"]
[PlyCount "77"]
[EventDate "2010.05.21"]
[EventType "swiss"]
[EventRounds "7"]
[EventCountry "NED"]
[Source "P.Boonen"]
[SourceDate "2010.10.01"]

1. e4 c5 2. Nf3 a6 3. c3 d5 4. exd5 Nf6 5. d4 cxd4 6. cxd4 Nxd5 7. Nc3 Nc6 8.
Bc4 Be6 9. Qe2 Rc8 10. Bb3 Na5 11. Ba4+ b5 12. Nxb5 axb5 13. Bxb5+ Bd7 14. Ne5
Nf6 15. O-O Nc6 16. Rd1 g6 17. Bc4 e6 18. Nxd7 Nxd7 19. d5 Nce5 20. dxe6 fxe6
21. Bb5 Kf7 22. Bf4 Bg7 23. Bxe5 Nxe5 24. Rxd8 Rhxd8 25. h4 Rd4 26. Rd1 Rxh4
27. g3 Rb4 28. b3 Rc5 29. Ba4 Rc3 30. Kg2 h5 31. Qe1 Rd3 32. Qxb4 Rxd1 33. Qb7+
Kf6 34. Be8 Rd2 35. Kf1 g5 36. f4 gxf4 37. gxf4 Kf5 38. Qxg7 Nf3 39. Bxh5 1-0

[Event "ENCI Limburg-open A"]
[Site "Maastricht"]
[Date "2010.05.24"]
[Round "7"]
[White "Braun, Christian1"]
[Black "Nijboer, Friso"]
[Result "0-1"]
[WhiteElo "2377"]
[BlackElo "2567"]
[PlyCount "46"]
[EventDate "2010.05.21"]
[EventType "swiss"]
[EventRounds "7"]
[EventCountry "NED"]
[Source "P.Boonen"]
[SourceDate "2010.10.01"]

1. e4 c5 2. Nf3 d6 3. d4 cxd4 4. Nxd4 Nf6 5. Nc3 a6 6. Bg5 e6 7. Qd2 Nc6 8.
O-O-O Be7 9. f4 Nxd4 10. Qxd4 b5 11. Be2 Bb7 12. Bf3 O-O 13. e5 Bxf3 14. gxf3
dxe5 15. Qxe5 Qb6 16. Ne4 Nd5 17. Rxd5 Bxg5 18. fxg5 exd5 19. Nd6 Rad8 20. Nf5
f6 21. Qd4 Qe6 22. Ne3 fxg5 23. Rd1 Rf4 0-1

[Event "ENCI Limburg-open A"]
[Site "Maastricht"]
[Date "2010.05.24"]
[Round "7"]
[White "Coenen, Eduard"]
[Black "Van der Heijden, Alan"]
[Result "0-1"]
[WhiteElo "2140"]
[BlackElo "2235"]
[PlyCount "108"]
[EventDate "2010.05.21"]
[EventType "swiss"]
[EventRounds "7"]
[EventCountry "NED"]
[Source "P.Boonen"]
[SourceDate "2010.10.01"]

1. d4 c6 2. c3 f5 3. g3 Nf6 4. Bg2 g6 5. h4 d6 6. Nf3 Bg7 7. Bg5 Ne4 8. Nbd2 h6
9. Bf4 Nd7 10. Nxe4 fxe4 11. Nd2 d5 12. Nxe4 dxe4 13. Bxe4 Nf8 14. Qd3 Bf5 15.
Bxf5 gxf5 16. Qxf5 Qd5 17. Qxd5 cxd5 18. O-O-O Ne6 19. Bd2 Rc8 20. e3 O-O 21.
f4 h5 22. Kb1 Bf6 23. Rde1 Kf7 24. e4 dxe4 25. Rxe4 Rg8 26. f5 Ng7 27. Rf1 Ne8
28. Bf4 Nd6 29. Bxd6 exd6 30. Re6 Rxg3 31. Rxd6 Rd8 32. Re6 Rg2 33. a4 Rd5 34.
Re4 Ra5 35. b3 b5 36. Rff4 bxa4 37. b4 Rb5 38. Re6 a5 39. Ra6 axb4 40. Ra7+ Kg8
41. Ra8+ Kh7 42. Ra7+ Rg7 43. Rxa4 bxc3+ 44. Kc2 Rc7 45. Ra2 Rb4 46. Kd3 Rxd4+
47. Rxd4 Bxd4 48. Rc2 Bf6 49. Ke4 Rc5 50. Rc1 Re5+ 51. Kf4 Re2 52. Kf3 Rh2 53.
Ke4 Rxh4+ 54. Kd5 Rg4 0-1

[Event "ENCI Limburg-open A"]
[Site "Maastricht"]
[Date "2010.05.24"]
[Round "7"]
[White "Dalemans, Diana"]
[Black "Wislez, Francis"]
[Result "1/2-1/2"]
[WhiteElo "1906"]
[BlackElo "2040"]
[PlyCount "65"]
[EventDate "2010.05.21"]
[EventType "swiss"]
[EventRounds "7"]
[EventCountry "NED"]
[Source "P.Boonen"]
[SourceDate "2010.10.01"]

1. e4 d5 2. exd5 Qxd5 3. Nc3 Qd6 4. d4 Nf6 5. Nf3 Bg4 6. Be2 a6 7. h3 Bh5 8.
Be3 Nbd7 9. Qd2 O-O-O 10. a3 Bxf3 11. Bxf3 e5 12. d5 Nb6 13. Bxb6 Qxb6 14. O-O
Bc5 15. Na4 Qb5 16. Nxc5 Qxc5 17. b4 Qc4 18. Qe3 Qd4 19. Qe1 e4 20. Be2 Qxd5
21. b5 axb5 22. Qa5 Kb8 23. a4 b4 24. Qxb4 Qd2 25. Rab1 Qxb4 26. Rxb4 Nd5 27.
Rb3 Ka7 28. Rfb1 b6 29. a5 Rd6 30. Bc4 Rhd8 31. Ra3 Kb7 32. Rab3 f5 33. Bf1
1/2-1/2

[Event "ENCI Limburg-open A"]
[Site "Maastricht"]
[Date "2010.05.24"]
[Round "7"]
[White "Dambacher, Martijn"]
[Black "Bok, Benjamin"]
[Result "0-1"]
[WhiteElo "2486"]
[BlackElo "2430"]
[PlyCount "78"]
[EventDate "2010.05.21"]
[EventType "swiss"]
[EventRounds "7"]
[EventCountry "NED"]
[Source "P.Boonen"]
[SourceDate "2010.10.01"]

1. d4 Nf6 2. c4 g6 3. Nc3 d5 4. Nf3 Bg7 5. Bg5 Ne4 6. cxd5 Nxg5 7. Nxg5 e6 8.
Nf3 exd5 9. e3 O-O 10. Bd3 c6 11. O-O Be6 12. b4 Qd6 13. Rb1 Nd7 14. Qc2 b5 15.
a4 a6 16. a5 Rfe8 17. Na2 Bf8 18. Rbc1 Rac8 19. Nd2 Qe7 20. Nb3 Qh4 21. Nc5
Nxc5 22. bxc5 Bd7 23. Nb4 Ra8 24. g3 Qf6 25. Rfe1 h5 26. h4 g5 27. hxg5 Qxg5
28. Kg2 h4 29. Rh1 hxg3 30. Rcg1 Bg4 31. Bh7+ Kg7 32. Kf1 Rxe3 33. fxe3 Qxe3
34. Rg2 Qf4+ 35. Kg1 Qxd4+ 36. Kf1 Qf4+ 37. Kg1 Qe3+ 38. Kf1 Qf3+ 39. Kg1 Bxc5+
0-1

[Event "ENCI Limburg-open A"]
[Site "Maastricht"]
[Date "2010.05.24"]
[Round "7"]
[White "Fedorchuk, Sergey A"]
[Black "Berg, Emanuel"]
[Result "1-0"]
[WhiteElo "2646"]
[BlackElo "2616"]
[PlyCount "67"]
[EventDate "2010.05.21"]
[EventType "swiss"]
[EventRounds "7"]
[EventCountry "NED"]
[Source "P.Boonen"]
[SourceDate "2010.10.01"]

1. e4 e6 2. d4 d5 3. Nd2 Nf6 4. e5 Nfd7 5. Ngf3 c5 6. c3 Nc6 7. Bd3 g5 8. O-O
g4 9. Ne1 h5 10. Nc2 Qb6 11. Re1 cxd4 12. cxd4 a5 13. Nb1 Ndb8 14. Nc3 Bd7 15.
a3 a4 16. Bg5 Na5 17. Nb4 Nb3 18. Nbxd5 exd5 19. e6 Bxe6 20. Nxd5 Qa5 21. Nf6+
Kd8 22. Re5 Qa7 23. d5 Bd7 24. d6 Qd4 25. Re4 Qxd6 26. Ne8+ Kc8 27. Nxd6+ Bxd6
28. Bc4 Bc5 29. Bxb3 axb3 30. Rc1 b6 31. Qxb3 Nc6 32. Qd5 Ra5 33. Qd2 f5 34.
Ree1 1-0

[Event "ENCI Limburg-open A"]
[Site "Maastricht"]
[Date "2010.05.24"]
[Round "7"]
[White "Friesen, Boris"]
[Black "Holm, Sejer"]
[Result "1/2-1/2"]
[WhiteElo "2080"]
[BlackElo "2253"]
[PlyCount "119"]
[EventDate "2010.05.21"]
[EventType "swiss"]
[EventRounds "7"]
[EventCountry "NED"]
[Source "P.Boonen"]
[SourceDate "2010.10.01"]

1. e4 e6 2. d4 d5 3. Nc3 dxe4 4. Nxe4 Nd7 5. Nf3 Ngf6 6. Bd3 Nxe4 7. Bxe4 Nf6
8. Bd3 c5 9. dxc5 Qa5+ 10. Bd2 Qxc5 11. Qe2 Bd6 12. O-O a6 13. Rfe1 b5 14. Ne5
Bb7 15. a4 b4 16. Nc4 Be7 17. Be3 Qc6 18. f3 Nd5 19. Be4 O-O 20. Rad1 Rad8 21.
Na5 Qc7 22. Nxb7 Qxb7 23. Bf2 Bf6 24. Bd4 Bxd4+ 25. Rxd4 g6 26. Qf2 a5 27. Red1
Qc6 28. b3 f5 29. Bxd5 Rxd5 30. Rxd5 exd5 31. Qd4 Rd8 32. Rd2 Rd6 33. Kf1 h5
34. h4 Rd8 35. Re2 Qd6 36. Kf2 Kf7 37. Qa7+ Rd7 38. Qxa5 d4 39. Qe5 Qxe5 40.
Rxe5 d3 41. cxd3 Rxd3 42. Re3 Rd2+ 43. Kf1 Rb2 44. f4 Rb1+ 45. Kf2 Rb2+ 46. Kf3
Rd2 47. g3 Kf6 48. Re2 Rd3+ 49. Re3 Rd2 50. a5 Ra2 51. Rd3 Rxa5 52. Rd6+ Kg7
53. Rb6 Ra1 54. Rxb4 Rf1+ 55. Ke2 Rg1 56. Kf2 Rb1 57. Rb6 Kf7 58. Ke3 Rg1 59.
Kf2 Rb1 60. Ke3 1/2-1/2

[Event "ENCI Limburg-open A"]
[Site "Maastricht"]
[Date "2010.05.24"]
[Round "7"]
[White "Gharamian, Tigran"]
[Black "Brandenburg, Daan"]
[Result "1-0"]
[WhiteElo "2632"]
[BlackElo "2503"]
[PlyCount "59"]
[EventDate "2010.05.21"]
[EventType "swiss"]
[EventRounds "7"]
[EventCountry "NED"]
[Source "P.Boonen"]
[SourceDate "2010.10.01"]

1. Nf3 d5 2. d4 Nf6 3. c4 e6 4. g3 Be7 5. Bg2 O-O 6. O-O dxc4 7. Qc2 a6 8. a4
Bd7 9. Rd1 Bc6 10. Nc3 a5 11. e4 Na6 12. Ne5 Nb4 13. Qe2 Be8 14. Nxc4 c6 15.
Be3 Ra6 16. Rac1 Bd7 17. h3 Bc8 18. Kh2 Ne8 19. d5 exd5 20. exd5 cxd5 21. Nxd5
Nxd5 22. Bxd5 Bd6 23. Nxd6 Nxd6 24. Bf4 Qf6 25. Qe5 Qg6 26. Bg2 f6 27. Qe7 Nf7
28. Bd5 Rc6 29. Rxc6 bxc6 30. Bd6 1-0

[Event "ENCI Limburg-open A"]
[Site "Maastricht"]
[Date "2010.05.24"]
[Round "7"]
[White "Groot, Simon"]
[Black "Kuryliw, Ray"]
[Result "1/2-1/2"]
[WhiteElo "2026"]
[BlackElo "2103"]
[PlyCount "37"]
[EventDate "2010.05.21"]
[EventType "swiss"]
[EventRounds "7"]
[EventCountry "NED"]
[Source "P.Boonen"]
[SourceDate "2010.10.01"]

1. e4 e6 2. d4 d5 3. e5 c5 4. c3 Nc6 5. Nf3 Bd7 6. Bd3 cxd4 7. cxd4 Nb4 8. Be2
Rc8 9. Nc3 a6 10. O-O Nc6 11. Be3 Na5 12. Bd3 Nc4 13. Qe2 Be7 14. Rae1 h5 15.
Bc1 Nh6 16. Nd2 Nxd2 17. Bxd2 g6 18. Bxh6 Rxh6 19. Rc1 1/2-1/2

[Event "ENCI Limburg-open A"]
[Site "Maastricht"]
[Date "2010.05.24"]
[Round "7"]
[White "Henzen, Arno"]
[Black "Wiley, Tom E"]
[Result "0-1"]
[WhiteElo "2186"]
[BlackElo "2281"]
[PlyCount "48"]
[EventDate "2010.05.21"]
[EventType "swiss"]
[EventRounds "7"]
[EventCountry "NED"]
[Source "P.Boonen"]
[SourceDate "2010.10.01"]

1. Nf3 d5 2. d4 Nf6 3. c4 dxc4 4. e3 e6 5. Bxc4 c5 6. O-O a6 7. Qe2 b5 8. Bd3
Nc6 9. a4 b4 10. dxc5 Bxc5 11. e4 Bb7 12. e5 Nd7 13. Bf4 h6 14. h4 Be7 15. Nbd2
Nc5 16. Bc4 Nd4 17. Nxd4 Qxd4 18. Bg3 Bxh4 19. Bxh4 Qxh4 20. f4 O-O 21. Qe3
Rac8 22. Rac1 Rfd8 23. b3 Qg4 24. Rf2 Nd3 0-1

[Event "ENCI Limburg-open A"]
[Site "Maastricht"]
[Date "2010.05.24"]
[Round "7"]
[White "Hovenga, Alje"]
[Black "Roos, Adrian"]
[Result "1-0"]
[WhiteElo "2188"]
[BlackElo "2098"]
[PlyCount "99"]
[EventDate "2010.05.21"]
[EventType "swiss"]
[EventRounds "7"]
[EventCountry "NED"]
[Source "P.Boonen"]
[SourceDate "2010.10.01"]

1. d4 Nf6 2. c4 e6 3. Nc3 Bb4 4. Nf3 c5 5. g3 cxd4 6. Nxd4 Ne4 7. Qd3 Bxc3+ 8.
bxc3 Nc5 9. Qe3 b6 10. Bg2 Bb7 11. f3 O-O 12. Nb3 Nba6 13. O-O Qe7 14. Rd1 Rfd8
15. Ba3 Rac8 16. Rd4 d6 17. Rad1 e5 18. Bh3 Rc7 19. Rh4 Qf6 20. Bg2 Qf5 21. Bh3
Qc2 22. Rd2 Qb1+ 23. Kf2 h6 24. Rh5 Bc8 25. Bg2 Nb7 26. f4 Qg6 27. Rh4 Rxc4 28.
Bd5 Ra4 29. Bb2 exf4 30. Rxf4 Rxf4+ 31. gxf4 Qf6 32. Qg3 Kf8 33. c4 Qg6 34. Qh4
Re8 35. Rd3 f6 36. Rg3 Qc2 37. Qh5 Nd8 38. Bxf6 Qxe2+ 39. Qxe2 Rxe2+ 40. Kxe2
gxf6 41. Rg8+ Ke7 42. Rg7+ Ke8 43. Rxa7 Nb4 44. Nd4 Nxd5 45. cxd5 Bb7 46. Nb5
Kd7 47. Ke3 f5 48. Kd4 Ke7 49. Nc7 Kf6 50. Na8 1-0

[Event "ENCI Limburg-open A"]
[Site "Maastricht"]
[Date "2010.05.24"]
[Round "7"]
[White "Iosif Hoellenriegel, Daniela"]
[Black "Hoffmeister, Frank1"]
[Result "0-1"]
[WhiteElo "1996"]
[BlackElo "2173"]
[PlyCount "94"]
[EventDate "2010.05.21"]
[EventType "swiss"]
[EventRounds "7"]
[EventCountry "NED"]
[Source "P.Boonen"]
[SourceDate "2010.10.01"]

1. d4 d5 2. c3 Nf6 3. g3 c6 4. Bg2 Bf5 5. Nf3 h6 6. Qb3 Qb6 7. Bf4 Nbd7 8. Nbd2
e6 9. Ne5 g5 10. Nxd7 Nxd7 11. e4 Qxb3 12. axb3 Bxe4 13. Bxe4 dxe4 14. Be3 f5
15. Nc4 Be7 16. Na5 O-O-O 17. b4 Kc7 18. Ke2 a6 19. Nc4 Rdf8 20. f4 exf3+ 21.
Kxf3 Bf6 22. Ke2 Re8 23. Rhf1 h5 24. h3 h4 25. g4 f4 26. Bf2 e5 27. dxe5 b5 28.
Nd2 Nxe5 29. Kd1 Nd3 30. Rxa6 Nxf2+ 31. Rxf2 Kb7 32. Ra1 Re3 33. Nf3 Rd8+ 34.
Kc2 Rdd3 35. Raf1 Kc7 36. Ne1 Rd8 37. Nf3 Rde8 38. Kd2 Ra8 39. Re1 Bxc3+ 40.
bxc3 Ra2+ 41. Kd1 Rxf2 42. Rxe3 fxe3 43. Nxg5 Rh2 44. Ne6+ Kd6 45. Nf4 Ke5 46.
Ng6+ Ke4 47. Nxh4 Kd3 0-1

[Event "ENCI Limburg-open A"]
[Site "Maastricht"]
[Date "2010.05.24"]
[Round "7"]
[White "Kempen, Leon"]
[Black "Reymann, Cedric"]
[Result "1/2-1/2"]
[WhiteElo "2018"]
[BlackElo "2144"]
[PlyCount "64"]
[EventDate "2010.05.21"]
[EventType "swiss"]
[EventRounds "7"]
[EventCountry "NED"]
[Source "P.Boonen"]
[SourceDate "2010.10.01"]

1. e4 c5 2. Nf3 d6 3. Bc4 Nc6 4. O-O g6 5. Re1 Bg7 6. c3 e5 7. d3 Nge7 8. Bb3
O-O 9. Bg5 h6 10. Be3 Kh7 11. d4 cxd4 12. cxd4 Bg4 13. Ng5+ hxg5 14. Qxg4 Nxd4
15. Bxg5 Nxb3 16. Re3 f6 17. Rh3+ Kg8 18. Qe6+ Rf7 19. Rxb3 fxg5 20. Rf3 Qf8
21. Nc3 g4 22. Rg3 Kh7 23. Rxg4 Rxf2 24. Nd5 Re8 25. Nxe7 Rxe7 26. Qxg6+ Kg8
27. Qxd6 Qf7 28. Qb8+ Re8 29. Qxa7 Rf8 30. h3 Rf1+ 31. Rxf1 Qxf1+ 32. Kh2 Qf7
1/2-1/2

[Event "ENCI Limburg-open A"]
[Site "Maastricht"]
[Date "2010.05.24"]
[Round "7"]
[White "Larmuseau, Michiel"]
[Black "Laarhoven, Thijs"]
[Result "0-1"]
[WhiteElo "2068"]
[BlackElo "2226"]
[PlyCount "72"]
[EventDate "2010.05.21"]
[EventType "swiss"]
[EventRounds "7"]
[EventCountry "NED"]
[Source "P.Boonen"]
[SourceDate "2010.10.01"]

1. e4 d5 2. exd5 Qxd5 3. Nc3 Qa5 4. d4 c6 5. Bc4 Bf5 6. Nf3 Nf6 7. Bd2 e6 8.
Nd5 Qd8 9. Nxf6+ Qxf6 10. Qe2 Nd7 11. O-O-O Nb6 12. d5 Nxc4 13. Qxc4 exd5 14.
Rhe1+ Be6 15. Qb3 Bc5 16. Qxb7 O-O 17. Qxc6 Rfc8 18. Qa4 Bxf2 19. Re2 Rc4 20.
Qb3 Bb6 21. Bg5 Qf5 22. Qd3 Re4 23. Kb1 h6 24. Be3 Rc8 25. Bxb6 axb6 26. Nd4
Qe5 27. Red2 Rc4 28. Nf3 Qc7 29. h3 Qc5 30. Ng1 Re5 31. Qg3 Rf5 32. Nf3 Rf6 33.
Ne5 Qc7 34. Qh2 Bf5 35. Rc1 Rxc2 36. Rcxc2 Bxc2+ 0-1

[Event "ENCI Limburg-open A"]
[Site "Maastricht"]
[Date "2010.05.24"]
[Round "7"]
[White "Laurent, Bruno"]
[Black "Haast, Anne"]
[Result "1/2-1/2"]
[WhiteElo "2330"]
[BlackElo "2220"]
[PlyCount "73"]
[EventDate "2010.05.21"]
[EventType "swiss"]
[EventRounds "7"]
[EventCountry "NED"]
[Source "P.Boonen"]
[SourceDate "2010.10.01"]

1. e4 e5 2. Nf3 Nc6 3. Bb5 a6 4. Bxc6 dxc6 5. O-O f6 6. d4 exd4 7. Nxd4 c5 8.
Ne2 Qxd1 9. Rxd1 Bd7 10. Be3 O-O-O 11. Nbc3 Re8 12. Rd2 Bc6 13. Rad1 b6 14. a4
g6 15. a5 Ne7 16. axb6 cxb6 17. Rd6 Bg7 18. Nd5 Kb7 19. Nxf6 Ref8 20. Nd7 Rf7
21. Nf4 Nc8 22. R6d2 Bd4 23. c3 Bxe3 24. fxe3 Re8 25. e5 g5 26. Nh5 Ree7 27.
Ndf6 Rxe5 28. Ng4 Re6 29. Rd8 Kc7 30. Rg8 h6 31. Rh8 Nd6 32. Nxh6 Rfe7 33. Ng8
Rf7 34. Nh6 Rfe7 35. Ng8 Rf7 36. Nh6 Rfe7 37. Ng8 1/2-1/2

[Event "ENCI Limburg-open A"]
[Site "Maastricht"]
[Date "2010.05.24"]
[Round "7"]
[White "Lesman, Francis"]
[Black "Thakoerdien, Jerrel"]
[Result "0-1"]
[WhiteElo "2087"]
[BlackElo "2001"]
[PlyCount "54"]
[EventDate "2010.05.21"]
[EventType "swiss"]
[EventRounds "7"]
[EventCountry "NED"]
[Source "P.Boonen"]
[SourceDate "2010.10.01"]

1. e4 d5 2. exd5 Nf6 3. d4 Nxd5 4. c4 Nb6 5. Be3 g6 6. Nf3 Bg7 7. Nc3 O-O 8. h3
Nc6 9. Be2 e5 10. d5 Ne7 11. O-O Nf5 12. Bc5 Re8 13. Re1 Nd7 14. Ba3 e4 15. Nh2
e3 16. f3 Qh4 17. Rf1 Nf6 18. f4 Ng3 19. Qe1 Bh6 20. Nb5 Bxf4 21. Bg4 Qh6 22.
d6 Nxf1 23. Nxf1 Bxg4 24. Nxc7 e2 25. Nxe8 exf1=Q+ 26. Kxf1 Rxe8 27. hxg4 Qh1+
0-1

[Event "ENCI Limburg-open A"]
[Site "Maastricht"]
[Date "2010.05.24"]
[Round "7"]
[White "Luncescu, Christian"]
[Black "Pietersma, Menno"]
[Result "1/2-1/2"]
[WhiteElo "2131"]
[BlackElo "2225"]
[PlyCount "50"]
[EventDate "2010.05.21"]
[EventType "swiss"]
[EventRounds "7"]
[EventCountry "NED"]
[Source "P.Boonen"]
[SourceDate "2010.10.01"]

1. e4 d5 2. exd5 Qxd5 3. Nc3 Qd6 4. d4 Nf6 5. Nf3 c6 6. g3 Bg4 7. Be3 e5 8. Be2
exd4 9. Qxd4 Qxd4 10. Bxd4 Nbd7 11. h3 Bf5 12. O-O-O Bc5 13. Bxc5 Nxc5 14. Nd4
Bd7 15. Bf3 O-O-O 16. g4 Rhe8 17. Rhe1 Rxe1 18. Rxe1 Re8 19. Rxe8+ Nxe8 20. Ne4
Nxe4 21. Bxe4 Nd6 22. Bd3 h5 23. gxh5 Bxh3 24. Ne2 Kd8 25. Kd2 Ne8 1/2-1/2

[Event "ENCI Limburg-open A"]
[Site "Maastricht"]
[Date "2010.05.24"]
[Round "7"]
[White "Maciol, Ryszard"]
[Black "Groffen, Hans"]
[Result "0-1"]
[WhiteElo "2222"]
[BlackElo "2149"]
[PlyCount "98"]
[EventDate "2010.05.21"]
[EventType "swiss"]
[EventRounds "7"]
[EventCountry "NED"]
[Source "P.Boonen"]
[SourceDate "2010.10.01"]

1. d4 d5 2. c4 c6 3. Nc3 Nf6 4. Nf3 a6 5. cxd5 cxd5 6. Bf4 Nc6 7. e3 Bg4 8. Be2
e6 9. O-O Bd6 10. Ne5 Bxe2 11. Qxe2 Rc8 12. Bg3 O-O 13. f4 b5 14. Bh4 Be7 15.
Rac1 Na5 16. b3 Qd6 17. Rc2 Rc7 18. Rfc1 Rfc8 19. Nd3 Nb7 20. f5 Qb6 21. fxe6
fxe6 22. Nf4 Ba3 23. Bxf6 Bxc1 24. Rxc1 gxf6 25. Rf1 Rxc3 26. Qg4+ Kh8 27. Nxe6
Rg8 28. Qf5 Rg6 29. Nf8 Rg7 30. Ne6 Nd8 31. Nxg7 Kxg7 32. Qg4+ Kh8 33. Qd7 Rxe3
34. Rc1 Qxd4 35. Kh1 Qc3 36. Qxd8+ Kg7 37. Qd7+ Kh6 38. Rf1 Re1 39. Qf5 Qe5 40.
Qh3+ Kg5 41. Qf3 Rxf1+ 42. Qxf1 Qf4 43. Qd1 d4 44. h3 h6 45. Qe2 Kf5 46. Qc2+
Qe4 47. Qc8+ Kf4 48. Qg4+ Ke3 49. Qd1 Kf2 0-1

[Event "ENCI Limburg-open A"]
[Site "Maastricht"]
[Date "2010.05.24"]
[Round "7"]
[White "Memeti, Kastriot"]
[Black "Schut, Han"]
[Result "1-0"]
[WhiteElo "2202"]
[BlackElo "2133"]
[PlyCount "75"]
[EventDate "2010.05.21"]
[EventType "swiss"]
[EventRounds "7"]
[EventCountry "NED"]
[Source "P.Boonen"]
[SourceDate "2010.10.01"]

1. d4 Nf6 2. Bf4 d5 3. e3 c5 4. c3 Nc6 5. Nd2 e6 6. Ngf3 Bd6 7. Bg3 O-O 8. Bd3
cxd4 9. exd4 Qc7 10. Qe2 Nd7 11. Bxd6 Qxd6 12. O-O e5 13. dxe5 Ndxe5 14. Nxe5
Nxe5 15. Nb3 Ng4 16. g3 Bd7 17. Qd2 Rad8 18. Rad1 Ne5 19. Nd4 Qb6 20. Qc2 h5
21. Rfe1 Rfe8 22. Bf1 h4 23. Bg2 hxg3 24. hxg3 Bg4 25. Rb1 Bh5 26. Qb3 Qxb3 27.
axb3 Bg6 28. Ra1 b6 29. Rxa7 Nd3 30. Rxe8+ Rxe8 31. Bxd5 Re1+ 32. Kg2 Rb1 33.
Ra2 Nxb2 34. Nc6 Bd3 35. Ne5 Bf1+ 36. Kh2 g6 37. Bxf7+ Kg7 38. Bxg6 1-0

[Event "ENCI Limburg-open A"]
[Site "Maastricht"]
[Date "2010.05.24"]
[Round "7"]
[White "Michiels, Bart"]
[Black "Simenon, Jozef"]
[Result "1-0"]
[WhiteElo "2459"]
[BlackElo "2235"]
[PlyCount "109"]
[EventDate "2010.05.21"]
[EventType "swiss"]
[EventRounds "7"]
[EventCountry "NED"]
[Source "P.Boonen"]
[SourceDate "2010.10.01"]

1. e4 c5 2. Nf3 g6 3. d4 cxd4 4. Nxd4 Nc6 5. c4 Nf6 6. Nc3 Bg7 7. Be3 O-O 8.
Be2 d6 9. O-O Nxd4 10. Bxd4 Be6 11. Qd2 Qa5 12. Rad1 Rfc8 13. b3 a6 14. f4 b5
15. f5 Bd7 16. Bxf6 Bxf6 17. Nd5 Qxd2 18. Nxf6+ Kg7 19. Rxd2 Kxf6 20. fxg6+
Kxg6 21. e5 Kg7 22. exd6 exd6 23. Rxd6 Be6 24. Rf4 Rc5 25. Kf2 b4 26. Bf3 Ra7
27. Rfd4 Kf6 28. Rb6 a5 29. Rb5 Rac7 30. Rxc5 Rxc5 31. Ke3 Re5+ 32. Kd2 Bf5 33.
Rd6+ Ke7 34. Rd4 Bb1 35. Kc1 Bg6 36. Kd2 Bb1 37. Kc1 Bg6 38. Kb2 Re1 39. Rd1
Rxd1 40. Bxd1 Be4 41. Bc2 Bxg2 42. Bxh7 Kd6 43. Kc2 Ke5 44. Kd2 Kd4 45. h4 Bf3
46. Bc2 Bh5 47. Bd1 Bg6 48. h5 Bh7 49. Bf3 a4 50. Bd5 axb3 51. axb3 f5 52. Bf7
f4 53. Bg6 Bg8 54. h6 f3 55. h7 1-0

[Event "ENCI Limburg-open A"]
[Site "Maastricht"]
[Date "2010.05.24"]
[Round "7"]
[White "Nabuurs, Joep"]
[Black "Hetey, Laszlo"]
[Result "0-1"]
[WhiteElo "2218"]
[BlackElo "2351"]
[PlyCount "82"]
[EventDate "2010.05.21"]
[EventType "swiss"]
[EventRounds "7"]
[EventCountry "NED"]
[Source "P.Boonen"]
[SourceDate "2010.10.01"]

1. e4 e5 2. f4 Bc5 3. Nf3 d6 4. Nc3 Nc6 5. Bc4 Nf6 6. d3 Bg4 7. Na4 Bxf3 8.
Qxf3 Nd4 9. Qd1 b5 10. Nxc5 bxc4 11. fxe5 dxc5 12. exf6 Qxf6 13. Be3 Ne6 14. c3
O-O 15. Qf3 Qxf3 16. gxf3 cxd3 17. c4 f5 18. Kd2 Rad8 19. Rhf1 a5 20. Kc3 Nd4
21. Bxd4 cxd4+ 22. Kxd3 c5 23. b3 Rf6 24. Rae1 Kf7 25. Re2 g5 26. h4 gxh4 27.
e5 Rh6 28. Rfe1 h3 29. e6+ Ke7 30. Re5 h2 31. Rh1 Rg8 32. Re2 Rg3 33. Rexh2
Rxf3+ 34. Ke2 Re3+ 35. Kf2 Rxh2+ 36. Rxh2 Kxe6 37. Rxh7 Rc3 38. Rh6+ Ke5 39.
Rc6 Ke4 40. Rxc5 Rc2+ 41. Ke1 Rxa2 0-1